[Event "7eme open international de La Fere"]
[Site "La Fere (FRA)"]
[Date "2008.07.07"]
[Round "3.57"]
[White "Huyet, Yannick"]
[Black "Adelise, Theo"]
[Result "1/2-1/2"]
[WhiteElo "1490"]
[BlackElo "1600"]
[PlyCount "96"]
[EventDate "2008.??.??"]

1. e4 e6 2. d4 d5 3. Nd2 Nf6 4. e5 Nfd7 5. c3 c5 6. f4 Nc6 7. Ngf3 cxd4 8. cxd4
Bb4 9. a3 Bxd2+ 10. Bxd2 Qb6 11. Bc3 Nf8 12. Bd3 Ng6 13. Qd2 Bd7 14. O-O f6 15.
Bxg6+ hxg6 16. Qd3 f5 17. Ng5 Nd8 18. Rf3 Nf7 19. Rh3 Rxh3 20. Qxh3 a5 21. Rf1
Qd8 22. Nf3 Nh6 23. Qh4 Qxh4 24. Nxh4 Kf7 25. h3 b6 26. Nf3 Rc8 27. Rc1 Ng8 28.
g4 Ne7 29. Bd2 Rxc1+ 30. Bxc1 Bb5 31. Ng5+ Kg8 32. Nxe6 Bd7 33. Ng5 fxg4 34. e6
Bc8 35. hxg4 Nc6 36. Be3 Kf8 37. f5 gxf5 38. gxf5 Ne7 39. f6 gxf6 40. Nf3 Bxe6
41. Bf4 b5 42. Bd6 Kf7 43. b4 axb4 44. axb4 Bg4 45. Nd2 Nc6 46. Bc5 Kg6 47. Kf2
Kg5 48. Nb1 Bd1 1/2-1/2

[Event "7eme open international de La Fere"]
[Site "La Fere (FRA)"]
[Date "2008.07.07"]
[Round "3.59"]
[White "Cassol, Robert"]
[Black "Cheriet, Salim"]
[Result "0-1"]
[WhiteElo "1440"]
[BlackElo "1590"]
[PlyCount "92"]
[EventDate "2008.??.??"]

1. f4 d6 2. Nf3 Nf6 3. e3 g6 4. b3 Bg7 5. Bb2 O-O 6. Bxf6 Bxf6 7. c3 Bf5 8. h4
h5 9. Be2 Nd7 10. d4 c5 11. O-O e6 12. Qe1 Nb6 13. Nbd2 Bg4 14. Qg3 Bxh4 15.
Qh2 Bf6 16. g3 cxd4 17. cxd4 Nd5 18. Nc4 b5 19. Nxd6 Qxd6 20. Ne5 Bxe2 21. Qxe2
Bxe5 22. dxe5 Qd7 23. Kf2 Kg7 24. Rh1 Rh8 25. Rag1 f5 26. Rh2 Nc3 27. Qd3 Ne4+
28. Kf3 Qb7 29. Ke2 Rad8 30. Qb1 Rd2+ 31. Ke1 Rxh2 32. Qc1 Nxg3 33. Qd1 Re2+
34. Qxe2 Nxe2 35. Kxe2 Qe4 36. Rc1 Qg2+ 37. Kd3 Rd8+ 38. Kc3 Rc8+ 39. Kb4 Rxc1
40. Kxb5 Qd5+ 41. Ka4 Rb1 42. Kb4 a5+ 43. Kc3 Rc1+ 44. Kb2 Qd2+ 45. Ka3 Ra1 46.
Ka4 Qb4# 0-1

[Event "7eme open international de La Fere"]
[Site "La Fere (FRA)"]
[Date "2008.07.07"]
[Round "3.15"]
[White "Pytel, Krzysztof"]
[Black "Pijpers, Arthur"]
[Result "1-0"]
[WhiteElo "2391"]
[BlackElo "2150"]
[PlyCount "63"]
[EventDate "2008.??.??"]

1. d4 Nf6 2. Nf3 g6 3. Bf4 Bg7 4. e3 d6 5. h3 O-O 6. Be2 Nbd7 7. c4 c5 8. Nc3
b6 9. O-O Bb7 10. d5 Ne8 11. e4 Ne5 12. Nxe5 dxe5 13. Be3 Nd6 14. a3 a5 15. Qc2
Bc8 16. b4 Qc7 17. bxc5 bxc5 18. Na4 Nb7 19. Qb3 f5 20. f3 f4 21. Bf2 g5 22.
Qb6 Qd7 23. Qc6 Qd8 24. Nxc5 Rb8 25. Ne6 Bxe6 26. Qxe6+ Kh8 27. Rab1 Rf6 28.
Qg4 Nd6 29. c5 Rxb1 30. Rxb1 Nb7 31. c6 Rd6 32. Rxb7 1-0

[Event "7eme open international de La Fere"]
[Site "La Fere (FRA)"]
[Date "2008.07.07"]
[Round "3.16"]
[White "Thomas, Olivier"]
[Black "Goldsztejn, Gildas"]
[Result "0-1"]
[WhiteElo "2105"]
[BlackElo "2374"]
[PlyCount "78"]
[EventDate "2008.??.??"]

1. e4 e5 2. Nf3 Nc6 3. Bb5 a6 4. Bxc6 dxc6 5. O-O Ne7 6. d4 exd4 7. Nxd4 c5 8.
Ne2 Qxd1 9. Rxd1 Bd7 10. Nbc3 O-O-O 11. Be3 Nc6 12. Nf4 Bd6 13. Nd3 b6 14. Bf4
Rhe8 15. Bxd6 cxd6 16. Nd5 Kb7 17. f3 f5 18. Nf2 fxe4 19. Nxe4 Bf5 20. Re1 Nd4
21. Rac1 Kc6 22. c4 b5 23. b3 Bxe4 24. fxe4 Re5 25. cxb5+ axb5 26. b4 Rde8 27.
bxc5 dxc5 28. Nb4+ Kd6 29. Nd3 Rxe4 30. Rxe4 Rxe4 31. Nxc5 Ne2+ 32. Kf2 Nxc1
33. Nxe4+ Kd5 34. Nc3+ Kc4 35. Nxb5 Kxb5 36. Kf3 Nxa2 37. Kf4 Kc6 38. Kf5 Kd7
39. h4 Ke7 0-1

[Event "7eme open international de La Fere"]
[Site "La Fere (FRA)"]
[Date "2008.07.07"]
[Round "3.17"]
[White "Marholev, Dimitar"]
[Black "Ilan, Liad"]
[Result "1-0"]
[WhiteElo "2366"]
[BlackElo "2013"]
[PlyCount "111"]
[EventDate "2008.??.??"]

1. e4 e5 2. Nf3 Nc6 3. Bb5 a6 4. Ba4 Nf6 5. O-O Be7 6. Re1 b5 7. Bb3 d6 8. c3
O-O 9. h3 Nb8 10. d4 Nbd7 11. Nbd2 Bb7 12. Bc2 Re8 13. Nf1 Bf8 14. Ng3 g6 15.
a4 Bg7 16. Bd3 c6 17. Bg5 Qc7 18. Qc1 Nb6 19. a5 Nbd7 20. b4 c5 21. d5 cxb4 22.
cxb4 Qxc1 23. Raxc1 Rac8 24. Nd2 Bxd5 25. exd5 Nxd5 26. Rxc8 Rxc8 27. Rb1 Nc3
28. Rc1 d5 29. Nb1 e4 30. Bd2 exd3 31. Nxc3 d4 32. Nd5 Rc2 33. Rd1 Nf6 34.
Nxf6+ Bxf6 35. Bh6 Be7 36. Rxd3 Rc4 37. Ne2 Bxb4 38. Nxd4 Bxa5 39. Re3 f5 40.
Nf3 Re4 41. Rd3 Bc7 42. Rd7 Bf4 43. Bxf4 Rxf4 44. Nd4 Re4 45. f3 Re1+ 46. Kf2
Ra1 47. g4 fxg4 48. hxg4 g5 49. Rb7 Ra4 50. Ke3 b4 51. Ke4 a5 52. Ke5 b3 53.
Kf6 h6 54. Kg6 Kf8 55. Ne6+ Ke8 56. Kf6 1-0

[Event "7eme open international de La Fere"]
[Site "La Fere (FRA)"]
[Date "2008.07.07"]
[Round "3.21"]
[White "Houriez, Clement"]
[Black "Harnik, Cecilien"]
[Result "1/2-1/2"]
[WhiteElo "2276"]
[BlackElo "1871"]
[PlyCount "67"]
[EventDate "2008.??.??"]

1. c4 Nf6 2. Nc3 d6 3. g3 g6 4. Bg2 Bg7 5. e4 Nc6 6. d4 e5 7. d5 Ne7 8. Nge2
O-O 9. O-O Nd7 10. Be3 f5 11. h3 Nf6 12. Kh2 h6 13. Qd2 g5 14. exf5 Nxf5 15. g4
Nh4 16. Ng3 Qe8 17. Qd3 Bd7 18. a4 a6 19. a5 Qe7 20. Rae1 Qf7 21. Bc1 Rfe8 22.
Bh1 Ng6 23. Be4 Nf4 24. Bxf4 Nxe4 25. Be3 Nxc3 26. Qxc3 c6 27. Ne4 Qg6 28. f3
cxd5 29. cxd5 Rac8 30. Qb3 Bb5 31. Rf2 Rc7 32. Qb4 Rd8 33. Rc1 Rxc1 34. Bxc1
1/2-1/2

[Event "7eme open international de La Fere"]
[Site "La Fere (FRA)"]
[Date "2008.07.07"]
[Round "3.23"]
[White "Regniez, Jeremy"]
[Black "Soyez, Cyril"]
[Result "0-1"]
[WhiteElo "1750"]
[BlackElo "2254"]
[PlyCount "22"]
[EventDate "2008.??.??"]

1. d4 Nf6 2. Bg5 c5 3. c3 cxd4 4. Bxf6 exf6 5. Qxd4 Nc6 6. Qe3+ Be7 7. Qg3 O-O
8. Nd2 d5 9. e3 Qb6 10. Nb3 a5 11. a4 Qxb3 0-1

[Event "7eme open international de La Fere"]
[Site "La Fere (FRA)"]
[Date "2008.07.07"]
[Round "3.26"]
[White "Demanghon, Jonathan"]
[Black "Ben Porat, Tal"]
[Result "1-0"]
[WhiteElo "2213"]
[BlackElo "1659"]
[PlyCount "39"]
[EventDate "2008.??.??"]

1. d4 d5 2. c4 dxc4 3. e3 e5 4. Bxc4 Nf6 5. Nf3 a6 6. O-O c5 7. Bd3 Nc6 8. a3
cxd4 9. exd4 Ne7 10. Nc3 Ned5 11. Bc2 Be7 12. Qd3 h6 13. Nxe5 Bd6 14. Qg3 Rg8
15. Re1 Qc7 16. Nxd5 Nxd5 17. Bh7 Rf8 18. Qxg7 f6 19. Bg6+ Kd8 20. Nf7+ 1-0

[Event "7eme open international de La Fere"]
[Site "La Fere (FRA)"]
[Date "2008.07.07"]
[Round "3.28"]
[White "Descamps, Serge"]
[Black "Le Goff, Damien"]
[Result "0-1"]
[WhiteElo "1570"]
[BlackElo "2261"]
[PlyCount "78"]
[EventDate "2008.??.??"]

1. e4 c5 2. d4 cxd4 3. c3 Nf6 4. e5 Nd5 5. cxd4 e6 6. Nf3 b6 7. Bc4 Bb7 8. O-O
Be7 9. Nc3 Nxc3 10. bxc3 Qc7 11. Qb3 Nc6 12. Bd3 Na5 13. Qc2 Rc8 14. Bb2 Nc4
15. Rac1 Bd5 16. Nd2 Bg5 17. Bxc4 Bxd2 18. Qxd2 Qxc4 19. Ba3 Qxa2 20. Qxa2 Bxa2
21. Bd6 Bc4 22. Rfe1 f6 23. f4 Kf7 24. Re3 Rc6 25. Kf2 Rxd6 26. exd6 Rc8 27. g4
Rc6 28. h4 Rxd6 29. Rce1 a5 30. f5 a4 31. g5 Rd5 32. g6+ hxg6 33. fxg6+ Kxg6
34. Rg3+ Kh6 35. Reg1 g5 36. hxg5+ Rxg5 37. Rxg5 fxg5 38. Kg3 a3 39. Ra1 a2 0-1

[Event "7eme open international de La Fere"]
[Site "La Fere (FRA)"]
[Date "2008.07.07"]
[Round "3.30"]
[White "Tenot, Fabrice"]
[Black "Waquet, Frederic"]
[Result "0-1"]
[WhiteElo "1760"]
[BlackElo "2004"]
[PlyCount "82"]
[EventDate "2008.??.??"]

1. Nf3 Nf6 2. c4 c5 3. g3 b6 4. Bg2 Bb7 5. O-O e6 6. d3 d6 7. Nc3 Be7 8. Bf4 a6
9. Qc1 O-O 10. h3 Nc6 11. Rd1 Qc7 12. g4 Rac8 13. Rd2 Nd4 14. Ne1 b5 15. cxb5
axb5 16. e3 Bxg2 17. exd4 cxd4 18. Nxg2 dxc3 19. Rc2 b4 20. a3 cxb2 21. Rxc7
bxc1=Q+ 22. Raxc1 Rxc7 23. Rxc7 Nd5 24. Rb7 bxa3 25. Ra7 Nxf4 26. Nxf4 d5 27.
Ne2 Bb4 28. Ra6 Rb8 29. Kg2 g6 30. Kf3 Kg7 31. Nd4 Bc5 32. Nc2 Rb2 33. Nxa3
Rxf2+ 34. Kg3 Ra2 35. Rc6 Bxa3 36. Ra6 Ra1 37. Kg2 d4 38. Ra4 Bb2 39. Rxa1 Bxa1
40. Kf3 Kf6 41. Kg3 g5 0-1

[Event "7eme open international de La Fere"]
[Site "La Fere (FRA)"]
[Date "2008.07.07"]
[Round "3.31"]
[White "Godart, Francois"]
[Black "Brobecker, Alain"]
[Result "1-0"]
[WhiteElo "1985"]
[BlackElo "1758"]
[PlyCount "42"]
[EventDate "2008.??.??"]

1. d4 d6 2. c4 Nf6 3. Nc3 g6 4. g3 Bg7 5. Bg2 O-O 6. Nf3 Na6 7. O-O c5 8. h3
cxd4 9. Nxd4 Nc5 10. e4 Rb8 11. Be3 b6 12. Nc6 Qc7 13. Nxb8 Qxb8 14. Qc2 Bb7
15. Rad1 Qc8 16. Rfe1 Qe6 17. Nd5 Rc8 18. e5 dxe5 19. Bxc5 Rxc5 20. Nxf6+ exf6
21. Bxb7 Rxc4 1-0

[Event "7eme open international de La Fere"]
[Site "La Fere (FRA)"]
[Date "2008.07.07"]
[Round "3.33"]
[White "Molet, Asher"]
[Black "Jimenez, Martin"]
[Result "1/2-1/2"]
[WhiteElo "1950"]
[BlackElo "1750"]
[PlyCount "42"]
[EventDate "2008.??.??"]

1. d4 d5 2. Nf3 Nf6 3. Bf4 e6 4. e3 Bd6 5. Nbd2 c6 6. Bd3 Bxf4 7. exf4 Qc7 8.
g3 Nbd7 9. O-O O-O 10. c3 c5 11. Ne5 Qb6 12. Nxd7 Nxd7 13. Qc2 cxd4 14. Bxh7+
Kh8 15. Nf3 f5 16. Ng5 Rf6 17. Qe2 Rh6 18. Nf7+ Kxh7 19. Nxh6 gxh6 20. cxd4 Nf6
21. Rfe1 Bd7 1/2-1/2

[Event "7eme open international de La Fere"]
[Site "La Fere (FRA)"]
[Date "2008.07.07"]
[Round "3.34"]
[White "Ringoir, Guy"]
[Black "Rigolot, Lucie"]
[Result "1/2-1/2"]
[WhiteElo "1944"]
[BlackElo "1709"]
[PlyCount "76"]
[EventDate "2008.??.??"]

1. e4 c5 2. Nc3 a6 3. Nf3 d6 4. d4 cxd4 5. Nxd4 Nf6 6. Bg5 e6 7. f4 Nbd7 8. Qf3
Qc7 9. O-O-O b5 10. Bxf6 Nxf6 11. e5 Bb7 12. Qe2 dxe5 13. fxe5 Nd5 14. Nxd5
Bxd5 15. Qe3 O-O-O 16. Kb1 Kb8 17. Be2 Bc5 18. c3 Qb6 19. Rhf1 b4 20. Ka1 Rd7
21. Qd3 Bb7 22. Bf3 Bxf3 23. Rxf3 Bxd4 24. cxd4 g6 25. a3 a5 26. Qc2 Rxd4 27.
Rxd4 Qxd4 28. axb4 axb4 29. Rb3 Qg1+ 30. Ka2 Qa7+ 31. Kb1 Qg1+ 32. Qc1 Qxc1+
33. Kxc1 Rc8+ 34. Kd2 Rc4 35. Kd3 Rf4 36. Ke3 Rc4 37. Kd3 Rf4 38. Ke3 Rc4
1/2-1/2

[Event "7eme open international de La Fere"]
[Site "La Fere (FRA)"]
[Date "2008.07.07"]
[Round "3.35"]
[White "Feryn, Alexandre"]
[Black "Vernede, Victor"]
[Result "1-0"]
[WhiteElo "1940"]
[BlackElo "1700"]
[PlyCount "61"]
[EventDate "2008.??.??"]

1. e4 e6 2. d4 d5 3. Nc3 Nf6 4. e5 Nfd7 5. f4 c5 6. Nf3 Nc6 7. Be3 cxd4 8. Nxd4
Nxd4 9. Bxd4 a6 10. Be2 Bc5 11. Qd2 O-O 12. Bf3 b5 13. Ne2 Qc7 14. O-O f6 15.
exf6 Bxd4+ 16. Qxd4 Nxf6 17. c3 Rb8 18. Rad1 a5 19. a3 Bd7 20. Nc1 Qc4 21. Qe3
b4 22. Rd4 Qc5 23. Nd3 Qd6 24. axb4 axb4 25. Nxb4 Rfe8 26. Qe5 Qb6 27. Kh1 Re7
28. Bxd5 Qb5 29. Bc4 Qxe5 30. fxe5 Nh5 31. g4 1-0

[Event "7eme open international de La Fere"]
[Site "La Fere (FRA)"]
[Date "2008.07.07"]
[Round "3.36"]
[White "Barbry, Quentin"]
[Black "Feryn, Benjamin"]
[Result "1/2-1/2"]
[WhiteElo "1700"]
[BlackElo "1918"]
[PlyCount "83"]
[EventDate "2008.??.??"]

1. e4 e5 2. Nf3 Nc6 3. Bc4 Bc5 4. c3 Nf6 5. d3 d6 6. O-O Bg4 7. Nbd2 Ne7 8. Re1
Ng6 9. Nf1 Nh5 10. h3 Be6 11. Bxe6 fxe6 12. Nxe5 dxe5 13. Qxh5 Qxd3 14. Be3
Bxe3 15. Rxe3 Qb5 16. b3 O-O-O 17. Rd1 Rxd1 18. Qxd1 Rd8 19. Qh5 Rh8 20. Rg3
Nf4 21. Qg4 Ne2+ 22. Kh2 Nxg3 23. Nxg3 Qd7 24. Qg5 Rf8 25. f3 g6 26. Qxe5 Rd8
27. c4 Kb8 28. Qf6 a6 29. e5 Re8 30. Ne4 Qe7 31. Qf4 Ka8 32. g4 Rd8 33. Kg3 Qb4
34. Qf6 Qe1+ 35. Kf4 Qc1+ 36. Kg3 Qe1+ 37. Kf4 Qc1+ 38. Kg3 Qg1+ 39. Kh4 Qe1+
40. Kg5 Qe3+ 41. Kh4 Qe1+ 42. Kg5 1/2-1/2

[Event "7eme open international de La Fere"]
[Site "La Fere (FRA)"]
[Date "2008.07.07"]
[Round "3.38"]
[White "Marchal, Chantal"]
[Black "Siauve, Julien"]
[Result "1-0"]
[WhiteElo "1878"]
[BlackElo "1682"]
[PlyCount "105"]
[EventDate "2008.??.??"]

1. e4 e6 2. d4 d5 3. Nd2 Nf6 4. e5 Nfd7 5. Bd3 c5 6. c3 Nc6 7. Ne2 Be7 8. O-O
O-O 9. Nf3 cxd4 10. cxd4 f6 11. Nf4 Nb6 12. exf6 Bxf6 13. Bb1 e5 14. dxe5 Nxe5
15. Nd4 Re8 16. Qc2 g6 17. Nh5 Bh8 18. Nf4 Bd7 19. Qb3 Bc6 20. Qg3 Qd6 21. Nf5
Qd8 22. Nh5 Nf7 23. Bd3 Be5 24. Bf4 Bxf4 25. Nxf4 Qg5 26. Nd4 Qxg3 27. hxg3 Ne5
28. Bb5 Re7 29. Rac1 Rc8 30. a4 a6 31. Bxc6 bxc6 32. b3 Kf7 33. a5 Nbd7 34.
Nxd5 Ree8 35. Ne3 Nf6 36. Nc4 Nxc4 37. Rxc4 c5 38. Nf3 Rc7 39. Rfc1 Nd7 40.
Ng5+ Kg7 41. b4 Re5 42. f4 Re8 43. bxc5 h6 44. Nf3 Rg8 45. c6 Nf6 46. Ne5 Nd5
47. Kf2 Ne7 48. g4 Kf6 49. Kf3 Ke6 50. Ke4 Rb8 51. Nd7 Rb5 52. Nc5+ Kd6 53.
Rd1+ 1-0

[Event "7eme open international de La Fere"]
[Site "La Fere (FRA)"]
[Date "2008.07.07"]
[Round "3.40"]
[White "Regniez, Alexiane"]
[Black "Poulain, Andre"]
[Result "0-1"]
[WhiteElo "1670"]
[BlackElo "1835"]
[PlyCount "86"]
[EventDate "2008.??.??"]

1. c4 e5 2. g3 Nc6 3. Bg2 Nf6 4. Nc3 Be7 5. Nf3 d5 6. cxd5 Nxd5 7. Nxe5 Nxc3 8.
Nxc6 Nxd1 9. Nxd8 Nxf2 10. Nxf7 O-O 11. O-O Nh3+ 12. Kh1 Bf6 13. Bd5 Rxf7 14.
Bxf7+ Kxf7 15. e4 b6 16. Kg2 Kg8 17. d3 Ng5 18. Bxg5 Bxg5 19. Rf2 Ba6 20. Rf5
Be3 21. Rf3 Bd4 22. Rc1 c5 23. b3 Bc8 24. h3 Be6 25. Rcf1 b5 26. Rc1 a5 27. a4
bxa4 28. bxa4 Rb8 29. g4 Rb4 30. Rcf1 Rb8 31. Kg3 h6 32. Kh4 Bf6+ 33. Rxf6 gxf6
34. Rxf6 Bd7 35. Ra6 Bxa4 36. Rxa5 Bb5 37. e5 Kf7 38. Kh5 Rb6 39. Rxb5 Rxb5 40.
Kxh6 Rb3 41. g5 Rxd3 42. g6+ Kg8 43. h4 Re3 0-1

[Event "7eme open international de La Fere"]
[Site "La Fere (FRA)"]
[Date "2008.07.07"]
[Round "3.42"]
[White "Godart, Michel"]
[Black "Soveaux, Jean"]
[Result "0-1"]
[WhiteElo "1820"]
[BlackElo "1660"]
[PlyCount "44"]
[EventDate "2008.??.??"]

1. d4 Nf6 2. Nf3 d5 3. e3 Nc6 4. a3 h6 5. Bd3 e6 6. Nbd2 Bd6 7. b3 e5 8. dxe5
Nxe5 9. Be2 Ng6 10. Bb2 c6 11. Bd3 Ne7 12. Nh4 Bg4 13. f3 Bd7 14. Qe2 Qc7 15.
g3 O-O-O 16. Bxf6 gxf6 17. e4 Be5 18. Rd1 Bd4 19. c4 Rde8 20. Kf1 Bh3+ 21. Ng2
Nf5 22. f4 Ne3+ 0-1

[Event "7eme open international de La Fere"]
[Site "La Fere (FRA)"]
[Date "2008.07.07"]
[Round "3.43"]
[White "Chevance, Gerard"]
[Black "Vinckier, Delphine"]
[Result "0-1"]
[WhiteElo "1690"]
[BlackElo "1801"]
[PlyCount "49"]
[EventDate "2008.??.??"]

1. d4 e6 2. Nf3 b6 3. g3 Bb7 4. Bg2 c5 5. O-O Nc6 6. Nbd2 Qc7 7. Nb3 Nf6 8. e4
cxd4 9. Nfxd4 Nxd4 10. Nxd4 Rc8 11. Re1 Bb4 12. c3 Be7 13. Nc2 Bxe4 14. Na3
Bxg2 15. Kxg2 O-O 16. Bf4 Qb7+ 17. Kg1 d5 18. Qd3 a6 19. Rac1 b5 20. Rc2 b4 21.
cxb4 Bxb4 22. Rec1 Bxa3 23. bxa3 Ra8 24. Ra1 Rfc8 25. g4 0-1

[Event "7eme open international de La Fere"]
[Site "La Fere (FRA)"]
[Date "2008.07.07"]
[Round "3.45"]
[White "Durot, Edwige"]
[Black "Laufer, Maurice"]
[Result "1-0"]
[WhiteElo "1793"]
[BlackElo "1521"]
[PlyCount "57"]
[EventDate "2008.??.??"]

1. e4 Nf6 2. Nc3 d5 3. exd5 Nxd5 4. Qf3 Nxc3 5. dxc3 e6 6. Be3 Bd6 7. O-O-O O-O
8. Qh5 Nd7 9. Bd3 Nf6 10. Qh4 b6 11. Bg5 Be7 12. Bxf6 Qxd3 13. cxd3 Bxf6 14.
Qe4 Rb8 15. f3 Bb7 16. Qe1 a5 17. Ne2 a4 18. h4 c5 19. Qf2 Rfc8 20. g4 b5 21.
g5 Be7 22. Rhf1 e5 23. Ng3 g6 24. Ne4 b4 25. c4 Kg7 26. Qg3 Bxe4 27. Qxe5+ f6
28. Qxe7+ Kg8 29. dxe4 1-0

[Event "7eme open international de La Fere"]
[Site "La Fere (FRA)"]
[Date "2008.07.07"]
[Round "3.46"]
[White "Lapersonne, Patrick"]
[Black "Christophe, Jean-Francois"]
[Result "0-1"]
[WhiteElo "1600"]
[BlackElo "1780"]
[PlyCount "78"]
[EventDate "2008.??.??"]

1. c4 e6 2. Nc3 c5 3. Nf3 Nc6 4. e3 Nf6 5. d4 d5 6. a3 a6 7. Be2 Be7 8. O-O O-O
9. dxc5 Bxc5 10. b4 Bb6 11. c5 Bc7 12. Nd4 Nxd4 13. exd4 Bd7 14. Rb1 b6 15. a4
Qb8 16. h3 e5 17. b5 exd4 18. Nxd5 Nxd5 19. Qxd4 Be6 20. c6 Be5 21. Qd2 Nc3 22.
Rb4 a5 23. Rc4 Nxe2+ 24. Qxe2 Bxc4 25. Qxc4 Qd6 26. Be3 Rab8 27. Rc1 Rfd8 28.
f4 Bd4 29. Re1 Bxe3+ 30. Rxe3 Rbc8 31. Rc3 Re8 32. Rd3 Qb4 33. Qc2 Qxf4 34. Qd1
Qe5 35. Rd7 Qg3 36. Kf1 h6 37. Qc1 Re6 38. c7 Rce8 39. Rd1 Re2 0-1

[Event "7eme open international de La Fere"]
[Site "La Fere (FRA)"]
[Date "2008.07.07"]
[Round "3.47"]
[White "Eeckhout, Jean-Louis"]
[Black "Bouguettouche, Didier"]
[Result "1-0"]
[WhiteElo "1771"]
[BlackElo "1360"]
[PlyCount "31"]
[EventDate "2008.??.??"]

1. d4 d5 2. c4 dxc4 3. Qa4+ Nc6 4. Nf3 Bd7 5. Qxc4 h6 6. e4 Bg4 7. Nbd2 e6 8.
a3 Qd7 9. b4 O-O-O 10. Bb2 Nge7 11. h3 Bh5 12. Be2 Bg6 13. Nb3 f5 14. Nc5 Qe8
15. Qb5 b6 16. Qa6+ 1-0

[Event "7eme open international de La Fere"]
[Site "La Fere (FRA)"]
[Date "2008.07.07"]
[Round "3.48"]
[White "Daniel, Antoine"]
[Black "Vandervorst, Marc"]
[Result "1-0"]
[WhiteElo "1770"]
[BlackElo "1877"]
[PlyCount "105"]
[EventDate "2008.??.??"]

1. e4 e5 2. Nf3 Nc6 3. Bc4 Bc5 4. d3 d6 5. Be3 Bg4 6. c3 Bxe3 7. fxe3 Bxf3 8.
Qxf3 Qf6 9. O-O Qxf3 10. Rxf3 Nf6 11. b4 O-O 12. Nd2 Ne7 13. Raf1 c6 14. Rg3
Kh8 15. Nf3 h6 16. Bb3 Ng6 17. Bxf7 Rxf7 18. Rxg6 Kh7 19. Rg3 a5 20. a3 axb4
21. axb4 Ra3 22. Rc1 b5 23. Kf1 Nd7 24. Ke1 Nb6 25. Rc2 Na4 26. Kd2 d5 27. exd5
cxd5 28. Rg4 Rf6 29. e4 h5 30. Rh4 Kh6 31. exd5 g5 32. Re4 g4 33. Ng1 Rf5 34.
c4 Nb6 35. d6 Ra7 36. c5 Nc8 37. Ne2 Kg5 38. Ng3 Rf2+ 39. Re2 Rxe2+ 40. Nxe2
Kf6 41. Nc3 Rd7 42. Nxb5 Ke6 43. c6 Rxd6 44. Nxd6 Kxd6 45. Ke3 Kc7 46. Ke4 Ne7
47. Kxe5 Ng6+ 48. Kf6 Nf4 49. b5 Nd5+ 50. Kg5 Nb4 51. Rb2 Nd5 52. b6+ Nxb6 53.
Rxb6 1-0

[Event "7eme open international de La Fere"]
[Site "La Fere (FRA)"]
[Date "2008.07.07"]
[Round "3.50"]
[White "Calonne, Pascal"]
[Black "Coquelle, Gilbert"]
[Result "0-1"]
[WhiteElo "1660"]
[BlackElo "1780"]
[PlyCount "109"]
[EventDate "2008.??.??"]

1. e4 e5 2. Nf3 Nc6 3. d4 exd4 4. Bc4 Be7 5. c3 d6 6. cxd4 Nf6 7. Nc3 O-O 8.
O-O Bg4 9. Be2 h6 10. Re1 Re8 11. h3 Bh5 12. Bf4 Nh7 13. d5 Bxf3 14. Bxf3 Ne5
15. Bxe5 dxe5 16. Qb3 b6 17. Qb5 Ng5 18. Bg4 Bc5 19. Bd7 Rf8 20. Kh1 Bxf2 21.
Rf1 Bd4 22. Rfe1 a6 23. Qc6 Nh7 24. Bg4 Nf6 25. Bf3 Qd6 26. Rab1 Qxc6 27. dxc6
Bxc3 28. bxc3 Rfd8 29. Red1 Kf8 30. Kg1 Ke7 31. Kf2 Rxd1 32. Rxd1 Rd8 33. Rxd8
Kxd8 34. Ke3 Ke7 35. Be2 a5 36. a4 Kd6 37. Bb5 Ng8 38. g4 Ne7 39. h4 f6 40. Kf3
Nxc6 41. Bc4 Kc5 42. Bf7 b5 43. axb5 Kxb5 44. Ke3 Kc5 45. Kd3 Ne7 46. h5 c6 47.
Kc2 a4 48. Kb2 Nc8 49. Ka3 Nb6 50. Be6 Kb5 51. Kb2 Nc4+ 52. Kc2 a3 53. Kb3 Nd2+
54. Kxa3 Nxe4 55. Kb3 0-1

[Event "7eme open international de La Fere"]
[Site "La Fere (FRA)"]
[Date "2008.07.07"]
[Round "3.51"]
[White "Brelot, Loic"]
[Black "Bedu, Jean-Pierre"]
[Result "1-0"]
[WhiteElo "1848"]
[BlackElo "1560"]
[PlyCount "34"]
[EventDate "2008.??.??"]

1. d4 g6 2. c4 Bg7 3. Nc3 Nf6 4. Nf3 d6 5. e4 O-O 6. Be2 b6 7. O-O Bb7 8. Qc2
Nbd7 9. Rd1 Qc8 10. Be3 Re8 11. Rac1 c5 12. d5 Qc7 13. Nd2 e6 14. Bf4 exd5 15.
cxd5 Nxd5 16. exd5 Bxc3 17. Qxc3 Rxe2 1-0

[Event "7eme open international de La Fere"]
[Site "La Fere (FRA)"]
[Date "2008.07.07"]
[Round "3.52"]
[White "Gobeaut, Claudine"]
[Black "Rachenne, Romain"]
[Result "0-1"]
[WhiteElo "1548"]
[BlackElo "1736"]
[PlyCount "54"]
[EventDate "2008.??.??"]

1. d4 d5 2. Nf3 Nf6 3. c3 Bf5 4. Bf4 e6 5. Nbd2 c5 6. e3 c4 7. Ne5 Qb6 8. Qc1
Nh5 9. Bg3 Nxg3 10. hxg3 Bd6 11. Be2 Nc6 12. f4 Bxe5 13. fxe5 h6 14. Bf3 O-O
15. e4 dxe4 16. Bxe4 Bxe4 17. Nxe4 Rad8 18. Rxh6 Nxe5 19. Nf6+ gxf6 20. dxe5
Qg1+ 21. Ke2 Qxg2+ 22. Ke1 Qxg3+ 23. Kf1 Rd3 24. Rxf6 Rf3+ 25. Rxf3 Qxf3+ 26.
Kg1 Qg3+ 27. Kh1 Kg7 0-1

[Event "7eme open international de La Fere"]
[Site "La Fere (FRA)"]
[Date "2008.07.07"]
[Round "3.53"]
[White "Gonzalez Garcia, Pierre-Emmanuel"]
[Black "Gaubert, Virginie"]
[Result "1-0"]
[WhiteElo "1643"]
[BlackElo "1550"]
[PlyCount "126"]
[EventDate "2008.??.??"]

1. d4 Nf6 2. Nf3 c5 3. Bf4 e6 4. Nc3 Nc6 5. Nb5 Qa5+ 6. Nc3 cxd4 7. Nxd4 Nd5 8.
Nb3 Nxc3 9. Nxa5 Nxd1 10. Nxc6 Nxb2 11. Nd4 Bb4+ 12. Bd2 Bxd2+ 13. Kxd2 O-O 14.
e3 a6 15. a4 d5 16. Kc3 Nc4 17. Bxc4 dxc4 18. Rab1 e5 19. Nf3 f6 20. Rb6 Bd7
21. Rxb7 Bxa4 22. Nd2 Bc6 23. Rc7 Rac8 24. Rxc8 Rxc8 25. f3 Bb5 26. Ne4 Rd8 27.
Rb1 Kf7 28. Re1 Ke7 29. Nc5 Rd6 30. Rb1 Rd5 31. Ne4 Kd7 32. Nd2 Kc7 33. g3 Kc6
34. h4 Rc5 35. e4 a5 36. g4 a4 37. Kb4 c3 38. Nf1 Rc4+ 39. Ka3 Kc5 40. Ne3 Rd4
41. Nd5 Be2 42. Nxc3 Bxf3 43. Nxa4+ Kc6 44. g5 fxg5 45. hxg5 Bxe4 46. Nc3 Bf5
47. Re1 e4 48. Ne2 Rd6 49. c3 Rg6 50. Nd4+ Kd5 51. Nxf5 Rxg5 52. Rd1+ Ke5 53.
Ne3 Kf4 54. Nd5+ Ke5 55. c4 Rg3+ 56. Kb4 e3 57. Re1 Ke4 58. Rxe3+ Rxe3 59. Nxe3
h5 60. c5 h4 61. c6 h3 62. c7 h2 63. c8=Q Kxe3 1-0

[Event "7eme open international de La Fere"]
[Site "La Fere (FRA)"]
[Date "2008.07.07"]
[Round "3.56"]
[White "Delahaye, Marc"]
[Black "Rouffignac, Marie"]
[Result "1-0"]
[WhiteElo "1610"]
[BlackElo "1390"]
[PlyCount "43"]
[EventDate "2008.??.??"]

1. c4 e6 2. e4 Nf6 3. Nc3 c6 4. e5 Ng8 5. Nf3 d5 6. d4 Bb4 7. Bd3 dxc4 8. Bxc4
Ne7 9. O-O O-O 10. Ne4 b5 11. Bd3 Nd5 12. a3 Be7 13. Neg5 h6 14. Ne4 Bb7 15. g4
Qc7 16. g5 h5 17. Nh4 g6 18. Nf6+ Nxf6 19. gxf6 Bd8 20. Qd2 Nd7 21. Qg5 Nxf6
22. exf6 1-0

[Event "7eme open international de La Fere"]
[Site "La Fere (FRA)"]
[Date "2008.07.07"]
[Round "3.58"]
[White "Pierret, Paul"]
[Black "Houze, Victor"]
[Result "1-0"]
[WhiteElo "1591"]
[BlackElo "1380"]
[PlyCount "63"]
[EventDate "2008.??.??"]

1. d4 d5 2. Bf4 Nf6 3. Nc3 Bf5 4. e3 e6 5. a3 a6 6. Be2 Nbd7 7. b4 b6 8. Nf3 c5
9. b5 c4 10. O-O Be7 11. a4 O-O 12. bxa6 Rxa6 13. Nb5 Ne4 14. Qe1 Re8 15. Nc7
e5 16. Nxa6 exf4 17. exf4 Qc8 18. Nb4 c3 19. Nxd5 Bg4 20. Qc1 Nd2 21. Re1 Qc6
22. Nxe7+ Rxe7 23. Nxd2 Bxe2 24. Nb3 Re6 25. f5 Re7 26. Qf4 Re4 27. Qg3 Nf6 28.
f3 Nh5 29. Qf2 Re8 30. Rxe2 Rxe2 31. Qxe2 Nf4 32. Qe4 1-0